Estadísticas para Países más Poblados como un Porcentaje de su Continente

Haz click aquí para tomar la prueba!

Estadísticas generales

  • Esta prueba ha sido tomada 3.601 veces
  • La puntuación promedio es 17 de 20

Estadísticas de respuestas

%País% Correcto
31.6China
99%
56.6Estados Unidos
98%
29.7India
97%
49.4Brasil
96%
21.3México
95%
16.9Rusia
95%
59.8Australia
94%
9.5Alemania
93%
7.8Francia
92%
10.4Argentina
89%
7.6Reino Unido
84%
11.6Colombia
83%
7.2Italia
82%
15.9Nigeria
79%
11.5Nueva Zelanda
78%
7.6Egipto
76%
7.5Perú
74%
7.4Venezuela
66%
7.8Etiopía
57%
20.6Papua Nueva Guinea
45%

Distribución de puntuación

Porcentaje por número respondido

Porcentaje de gente con cada puntuación

Historial de tus puntuaciones

No has tomado esta prueba